The environmental imagination. Thoreau, nature writing, and the formation of American culture.
Uloženo v:
| Hlavní autor: | |
|---|---|
| Médium: | Kniha |
| Vydáno: |
Cambridge, USA; London, England:
The Belknap Press of Harvard University Press,
1995.
|
| Témata: | |
| Tagy: |
Přidat tag
Žádné tagy, Buďte první, kdo vytvoří štítek k tomuto záznamu!
|
MARC
| LEADER | 00000nam a22000007a 4500 | ||
|---|---|---|---|
| 003 | CL-VaPUC | ||
| 005 | 20250114120311.0 | ||
| 008 | 241211t1995 ||||| |||| 00| 0 eng d | ||
| 999 | |c 446269 |d 446267 | ||
| 020 | |a 0-674-25861-4 | ||
| 040 | |c Pontificia Universidad Católica de Valparaíso | ||
| 082 | |a 818.309 BUE 1995 | ||
| 100 | 1 | |a Buell, Lawrence |e author |9 894765 | |
| 245 | |a The environmental imagination. |b Thoreau, nature writing, and the formation of American culture. | ||
| 260 | |a Cambridge, USA; |a London, England: |b The Belknap Press of Harvard University Press, |c 1995. | ||
| 300 | |a 586 páginas. | ||
| 500 | |a c.1 Donación PIIE 2-12-2024 | ||
| 583 | |c 20241211 |k Catalogador Asistente | ||
| 600 | |a Thoreau, Henry David |x Conocimiento |x Historia Natural |y 1817-1862 |9 894766 | ||
| 650 | |a Características nacionales, América, en literatura |9 894767 | ||
| 650 | 0 | |a Protección del medio ambiente |9 257626 |x Historia |z Estados Unidos | |
| 650 | 0 | |a Protección del medio ambiente en literatura |9 894768 | |
| 650 | 0 | |a Historia natural |9 268584 |x Historia |z Estados Unidos | |
| 650 | 0 | |a Naturaleza en la literatura |9 894769 | |
| 942 | |2 ddc |c BK | ||
| 952 | |0 0 |1 0 |2 ddc |4 0 |6 818_309000000000000_BUE_1995 |7 0 |8 A |9 598613 |a BIBEDU |b BIBEDU |d 2024-12-11 |e Donación |i 5663540 |o 818.309 BUE 1995 |p 5663540 |r 2024-12-11 |t 1 |w 2024-12-11 |y BK |k LIT | ||